LEADER 02016nam a2200337 a 4500 001 000000116841 003 CaOOAMICUS 005 20100720135604.0 008 090826s1587 it u001 u lat r 026 $ai-76 usia$br-i- alti (3)$c1587 (R) 040 $aPUL$bita$dReb 100 1 $aBanez, Domingo,$cO.P.,$d1528-1604.$0(OLS)http://pul/name/72654 245 10$aF. Dominici Bannes Mondragonensis ... Commentaria, et quaestiones in duos libros Aristotelis Stagyritae de generatione, et corruptione ... 246 30$aCommentaria et quaestiones in duos libros Aristotelis Stagyritae De generatione et corruptione. 260 $aVenetiis :$bapud Iuntas,$c1587. 300 $a[4], 420 p. ;$c4° (23 cm) 500 $aSegnatura: A-Z8 Aa-Bb8 Cc10 500 $aInclude indici. 500 $aIniziali xil. illustrate 500 $aSul front. marca tip. con motto in cornice figurata: Flos iustitiae (Z643). 500 $aTesto su 2 colonne. 662 $aItalia$dVenezia.$0(OLS)http://pul/subject/34951 710 0 $aGiunta, Lucantonio II,$d1566-1601$4pbl.$0(OLS)http://pul/name/71294 850 $aPUL 852 $aPUL$W1$xDP1 Antico 500$y12$m80 D 1$j133981$qStampati Antico$B133012$CPULBib$Z2$F133012 $82 856 0$uhttp://aquabrowser.pul.it/cinquecentine/80D1-1.jpg 941 1 $a15 961 $aStato di conservazione: legatura e carte da restaurare.Precedente appartenenza: Collegio Germanico.Precedenti collocazioni: Int. B 4; S VI 16.Timbro: Bibliotheca Pia Pont. Seminarii Romani.Prove di penna sul front.Note mss sul front. e all'interno del testo.Sottolineature all'interno del testo. 996 $6245$aF. Dominici Bannes Mondragonensis ... Commentaria, et quaestiones in duos libros Aristotelis Stagyritae de generatione, et corruptione ...$9(OLS)http://pul/title/146895 996 $6246$aCommentaria et quaestiones in duos libros Aristotelis Stagyritae De generatione et corruptione.$9(OLS)http://pul/title/146896 996 $6260$aVenetiis :$bapud Iuntas$9(OLS)http://pul/publisher/48752 LEADER 01035nam a2200253 u 4500 001 000000107682 003 CaOOAMICUS 005 20071017112303.0 008 071017s1998 it u000 u ita u 020 $a88-02-05375-8 040 $aPUL$bita$dLDB 100 1 $aVillecco, Alessandra.$0(OLS)http://pul/name/66081 245 13$aIl procedimento possessorio e di nunciazione /$cAlessandra Villecco. 260 $aTorino :$bUTET,$cc1999. 300 $ax, 532 p. ;$c24 cm. 490 1 $aIl punto ;$v01 650 4$aPossesso (diritto).$0(OLS)http://pul/subject/18430 830 3$aIl punto (UTET) ;$v01.$0(OLS)http://pul/title/63947 850 $aPUL 852 $aPUL$W1$xSL Diritto e Scienze Sociali 3$y79$m300 A 16.1$j122443$qDDC 21$B121423$CPULBib$Z2$F121423 $H105163 $82 941 1 $a9 996 $6020$a88-02-05375-8$9(OLS)http://pul/number/135956 996 $6245$aIl procedimento possessorio e di nunciazione$9(OLS)http://pul/title/135587 996 $6260$aTorino :$bUTET$9(OLS)http://pul/publisher/48088